|
|
|
|
| LEADER |
00000naa2a2200000 4500 |
| 001 |
123624 |
| 005 |
20251202154511.0 |
| 035 |
|
|
|a (RuTPU)RU\TPU\book\133808
|
| 090 |
|
|
|a 123624
|
| 100 |
|
|
|a 20071022d2005 k y0rusy50 ca
|
| 101 |
0 |
|
|a rus
|
| 102 |
|
|
|a RU
|
| 135 |
|
|
|a drnn ---uucaa
|
| 181 |
|
0 |
|a i
|
| 182 |
|
0 |
|a b
|
| 200 |
1 |
|
|a Некоторые особенности методики проведения поисковых и разведочных работ на уголь в Южной Якутии
|f Д. Ю. Ерофеев
|
| 203 |
|
|
|a Текст
|c электронный
|
| 215 |
|
|
|a 1 файл ( 401 Кб)
|
| 300 |
|
|
|a Заглавие с титульного листа
|
| 300 |
|
|
|a Электронная версия печатной публикации
|
| 320 |
|
|
|a Библиогр.: 4 назв.
|
| 337 |
|
|
|a Adobe Reader
|
| 463 |
|
0 |
|0 (RuTPU)RU\TPU\book\111467
|y 5-89503-079-3
|t Проблемы геологии и освоения недр
|o труды Девятого международного симпозиума им. М. А. Усова, 2005 г. Томск
|f Томский политехнический университет; Проблемы геологии и освоения недр; под ред. Г. М. Ивановой, А. В. Шадриной
|v [С. 157-160]
|d 2005
|
| 610 |
1 |
|
|a уголь
|
| 610 |
1 |
|
|a разведочные работы
|
| 610 |
1 |
|
|a Южная Якутия
|
| 610 |
1 |
|
|a методики
|
| 610 |
1 |
|
|a угольные бассейны
|
| 610 |
1 |
|
|a скважины
|
| 610 |
1 |
|
|a канавная технология
|
| 610 |
1 |
|
|a локализация углей
|
| 610 |
1 |
|
|a электронный ресурс
|
| 610 |
1 |
|
|a труды учёных ТПУ
|
| 700 |
|
1 |
|a Ерофеев
|b Д. Ю.
|
| 801 |
|
1 |
|a RU
|b 63413507
|c 20071022
|g PSBO
|
| 801 |
|
2 |
|a RU
|b 63413507
|c 20130719
|g RCR
|
| 856 |
4 |
|
|u http://www.lib.tpu.ru/fulltext/v/Conferences/2005/K01/023.pdf
|
| 942 |
|
|
|c CF
|